000
00208 a2200097 4500
001
6729
100
_a
Reichmann, W J
245
_a
Use and Abuse of Statistics
260
_a
_b
Methuen
_c
090
_c
5580
_d
5580
942
_a
NUST-CAE
_c
M
_c
32023
999
_c
241802
_d
241802